00676nas a2200229 4500001001000000003000900010005001700019007000300036008003400039040005400073041001300127072001300140100001700153245008200170650002100252650002000273650000900293650001600302650001200318650001700330773009900347BR7906141BR-BrBNA20231205083946.0ta230509b bl.|||p| |||| 00| 00por d aBR-BrBNAbporcBiblioteca Nacional de Agricultura a(En, Pt) aF00; E701 aOliveira, A.1 aUma cidade em funcao do cafe [Guaxupe; Minas Gerais; Comercializacao; Brasil] aProducao vegetal aComercializacao aCafe aCooperativa aGuaxupe aMinas Gerais0 tRevista do Comercio de Cafe (Brazil)xISSN 0034-9224g(Mar 1979), v. 59(645) p. 2-8wBR7906141